Essential Biomaterials Science (Record no. 340243)

MARC details
000 -LEADER
fixed length control field 00478nam a2200169Ia 4500
008 - FIXED-LENGTH DATA ELEMENTS--GENERAL INFORMATION
fixed length control field 230718s9999 xx 000 0 und d
020 ## - INTERNATIONAL STANDARD BOOK NUMBER
International Standard Book Number 9780521899086
041 ## - LANGUAGE CODE
Language code of text/sound track or separate title eng
082 ## - DEWEY DECIMAL CLASSIFICATION NUMBER
Classification number 610.28
Item number WIL
100 ## - MAIN ENTRY--PERSONAL NAME
Personal name Williams D.
9 (RLIN) 159444
245 ## - TITLE STATEMENT
Title Essential Biomaterials Science
260 ## - PUBLICATION, DISTRIBUTION, ETC. (IMPRINT)
Date of publication, distribution, etc. 2014
Name of publisher, distributor, etc. Cambridge
300 ## - PHYSICAL DESCRIPTION
Extent 640
Accompanying material [OBSOLETE, CAN/MARC] Ref 1639 E ME (51450)
365 ## - TRADE PRICE
Currency code Rs.
Price amount 5964.00
700 ## - ADDED ENTRY--PERSONAL NAME
Personal name Williams D.
9 (RLIN) 159444
906 ## - LOCAL DATA ELEMENT F, LDF (RLIN)
d O:0463102-Sep-2015B:176623-May-2015
c ME ETC
b 1491
Holdings
Withdrawn status Lost status Source of classification or shelving scheme Reference No Damaged status Not for loan Home library Current library Date acquired Vendor Budget Code Cost, normal purchase price Bill number Full call number Barcode Date last seen Discount Cost, replacement price Bill Date Koha item type Original Barcode
    Dewey Decimal Classification Ref 1639 E (51450)   Reference Cummins College of Engineering for Women Pune Cummins College of Engineering for Women Pune 02/09/2015 Vaibhav Book House ME ETC 4473.00 1766 610.28 CCEP-BK-51450 18/07/2023 1491 5964.00 23/05/2015 Books 051450